000 00646nam a2200241Ia 4500
003 OSt
005 20220918194451.0
006 a|||||r|||| 00| 0
007 ta
008 220917b |||||||| |||| 00| 0 eng d
024 _a79,565
037 _cTextual
040 _aARTS
_cARTS
_beng
041 _2eng
_aeng
082 _aS:4, M5.2
100 _aDillon Ronna F Ed.
_985054
245 0 _aIndividual differences in cognition
260 _aOrlando
_bAcademic Press
_c1985
300 _a267p.
_ccm.
650 _aCOGNITIVE STYLES
_915127
942 _hS:4, M5.2
_cTEXL
_2CC
999 _c203291
_d203291